01166nam a22003017a 4500001001000000003000900010005001700019007000300036008003400039040005400073041001000127072001300137090001800150100001900168110012600187245013900313260004200452300001100494500007200505650002600577650001200603650002200615650001700637909003600654942000700690999001700697952015000714BR0805991BR-BrBNA20230928102716.0ta230509b bl.||||| |||| 00| 0 por d aBR-BrBNAbporcBiblioteca Nacional de Agricultura a(Por) aE50; E14  E50 BR08059911 aCarneiro, F.F.1 aUniversidade Federal de Minas Gerais, Belo Horizonte (Brasil). Escola de Veterinária0Tese (Doutor em Ciência Animal)1 aA saúde no campo: das políticas oficiais à experiência do MST e de famílias de "bóias frias" em Unaí, Minas Gerais, 20053 aBelo Horizonte, MG (Brasil): c2007.  a143 p. aSummaries (Eng, Por); Bibliography p. 117-123; 45 tables; 24 illus. aPOLÍTICA AGRÍCOLA aSAÚDE aTRABALHADOR RURAL aMINAS GERAIS a202309bLuciac55dLucia Elande cBK c72144d72144 002AGRIS40708AGROBASEa41918b41918l0o E50 BR0805991pE50 BR0805991r2023-09-25t01yBK10d2023-09-25ePortaria Interministerial nº 164/94